000 00329nam a2200145Ia 4500
003 OSt
005 20231204103142.0
008 170523s9999 xx 000 0 und d
020 _a9780070436190
040 _cIIMT UNIVERSITY
100 _aBARRCH
245 0 _aOUTLOOK 2000 COMPLETE REFERENCE
260 _bPHI
942 _2ddc
_c02
999 _c1954
_d1954